|
|
|
|
| LEADER |
00000naa2a2200000 4500 |
| 001 |
609471 |
| 005 |
20231101132547.0 |
| 035 |
|
|
|a (RuTPU)RU\TPU\conf\6954
|
| 035 |
|
|
|a RU\TPU\conf\569
|
| 090 |
|
|
|a 609471
|
| 100 |
|
|
|a 20141114d2014 k y0rusy50 ca
|
| 101 |
0 |
|
|a eng
|d eng
|
| 102 |
|
|
|a RU
|
| 105 |
|
|
|a y z 100zy
|
| 135 |
|
|
|a drcn ---uucaa
|
| 181 |
|
0 |
|a i
|
| 182 |
|
0 |
|a b
|
| 200 |
1 |
|
|a Compensator design method for transport delay systems
|f A. S. Bobrova
|
| 203 |
|
|
|a Текст
|c электронный
|
| 225 |
1 |
|
|a Автоматизированные системы управления и мехатроника
|
| 230 |
|
|
|a 1 компьютерный файл (pdf; 589 Кб)
|
| 300 |
|
|
|a Заглавие с титульного листа.
|
| 320 |
|
|
|a [Библиогр.: с. 13 (3 назв.)]
|
| 330 |
|
|
|a Timing delay (or tardiness) is often observed in industrial processes connected with the production, transportation, and processing of oil, gas and other minerals. Because of tardiness information about the process is supplied to the controller later than required. It can lead to instability of a closed loop system.
|
| 337 |
|
|
|a Adobe Reader
|
| 463 |
|
1 |
|0 (RuTPU)RU\TPU\conf\6841
|t Технологии Microsoft в теории и практике программирования
|o сборник трудов XI Всероссийской научно-практической конференции студентов, аспирантов и молодых ученых, г.Томск, 23-24 апреля 2014 г.
|f Национальный исследовательский Томский политехнический университет (ТПУ), Институт кибернетики ; ред. кол. А. В. Лиепиньш и др.
|v [С. 10-13]
|d 2014
|
| 610 |
1 |
|
|a электронный ресурс
|
| 610 |
1 |
|
|a труды учёных ТПУ
|
| 610 |
1 |
|
|a компенсаторы
|
| 610 |
1 |
|
|a запаздывание
|
| 610 |
1 |
|
|a промышленные процессы
|
| 610 |
1 |
|
|a производство
|
| 610 |
1 |
|
|a транспорт
|
| 610 |
1 |
|
|a переработка
|
| 610 |
1 |
|
|a нефти
|
| 610 |
1 |
|
|a газы
|
| 610 |
1 |
|
|a полезные ископаемые
|
| 700 |
|
1 |
|a Bobrova
|b A. S.
|
| 801 |
|
2 |
|a RU
|b 63413507
|c 20141114
|g RCR
|
| 856 |
4 |
|
|u http://www.lib.tpu.ru/fulltext/c/2014/C28/001.pdf
|
| 942 |
|
|
|c BK
|